header

Handbook of U.S. labor statistics (Record no. 128653)

MARC details
000 -LEADER
fixed length control field 01455nam a2200337Ia 4500
245 00 - TITLE STATEMENT
Title Handbook of U.S. labor statistics
250 ## - EDITION STATEMENT
Edition statement 13th ed., 2010.
260 ## - PUBLICATION, DISTRIBUTION, ETC. (IMPRINT)
Place of publication Lanham, MD :
Name of publisher Bernan Press,
Year of publication c2010.
300 ## - PHYSICAL DESCRIPTION
Number of Pages xxvii, 535 p.
490 0# - SERIES STATEMENT
Series statement Handbook of U.S. labor statistics ;
500 ## - GENERAL NOTE
General note An updated version of the Handbook of labor statistics which was published by the Bureau of Labor Statistics until 1989.
General note Includes index.
650 #0 - SUBJECT ADDED ENTRY--TOPICAL TERM
Topical Term Labor
Topical Term Industrial statistics
700 1# - ADDED ENTRY--PERSONAL NAME
Personal name Ryan, Mary Meghan.
856 40 - ELECTRONIC LOCATION AND ACCESS
Uniform Resource Identifier http://site.ebrary.com/lib/rucke/Doc?id=10464547

No items available.

© 2026 Rongo University
Contact us: librarian | system librarian | Rongo university